000 01204nam0a2200325 4500
001 RU\NLR\bibl\1805579
005 20250616151802.0
010 _a978-5-903253-06-7
_920000
021 _aRU
_b2011-58231
_94120
035 _a(nilc)RSL-KNO-004980433
035 _a(NLR Aleph) 001796223
090 _a1782722
_c1782722
100 _a20110802d2011 |||y0rusy50 ca
101 0 _arus
102 _aRU
105 _aa |||||||||
200 1 _aРусская рубленая баня
_e[особенности русской бани, разновидности фундаментов, возведение сруба, банные печи-каменки, отделка рубленых стен]
_fКорепин А.А.
210 _aМосква
_cАделант
_d2011
215 _a127 с.
_cил., карт.
_d30
606 1 _aБани русские
_xСтроительство
_92123985
_3RU\NLR\auth\661282237
686 _aН712.61,0
_2rubbk
686 _aН712.61
700 1 _aКорепин
_bА. А.
_4070
801 0 _aRU
_bRuMoRKP
_c20110802
_grcr
801 1 _aRU
_bRuMoRGB
_c20110802
801 2 _aRU
_bNLR
_c20110906
_grcr
942 _cBOOK
980 _aNB
980 _aNBR